[Event "34th Chess Olympiad (men)"]
[Site "Istanbul"]
[Date "2000.11.05"]
[Round "8.62.2"]
[White "Carty, Leo"]
[Black "Cummins, John"]
[WhiteElo "2000"]
[BlackElo "2000"]
[WhiteCountry "ISV"]
[BlackCountry "GCI"]
[Result "0-1"]

1. c4 Nf6 2. g3 g6 3. Bg2 Bg7 4. Nf3 d6 5. Nc3 Nbd7 6. d3 Rb8 7. O-O b6 
8. Rb1 Bb7 9. Re1 O-O 10. Bd2 Re8 11. a3 c5 12. e3 a6 13. b4 e6 14. a4 Qc7 
15. b5 a5 16. Ne2 Ng4 17. Bc3 Nde5 18. Nxe5 Nxe5 19. Bxb7 Qxb7 20. Bxe5 dxe5 
21. Qc2 Rbd8 22. Red1 Rd7 23. Rb3 Red8 24. Rd2 f5 25. Qd1 h6 26. Nc1 Bf6 
27. f3 Rd6 28. e4 Bg5 29. Kf2 Bxd2 30. Qxd2 Kh7 31. h4 fxe4 32. Qe3 Kg7 
33. fxe4 Rf8+ 34. Kg2 Qf7 35. Qe2 Rd7 36. Rb1 Qf6 37. Nb3 Rdf7 38. Nd2 Qf2+ 
0-1

[Event "34th Chess Olympiad (men)"]
[Site "Istanbul"]
[Date "2000.11.05"]
[Round "8.62.4"]
[White "Jackson, Francis"]
[Black "Wilson, Peter"]
[WhiteElo "2000"]
[BlackElo "2000"]
[WhiteCountry "ISV"]
[BlackCountry "GCI"]
[Result "0-1"]

1. e4 c5 2. Bc4 e6 3. Nf3 a6 4. a3 b5 5. Ba2 Bb7 6. d3 Be7 7. Bd2 d6 8. Bc3 Nf6 
9. Nbd2 Nc6 10. b3 Qc7 11. Qe2 e5 12. Rc1 Rc8 13. O-O O-O 14. Rfe1 Rce8 
15. Bb2 a5 16. c3 b4 17. axb4 axb4 18. cxb4 Nxb4 19. Bb1 Ba6 20. Bc3 Rb8 
21. h3 Nc6 22. Qe3 Qd7 23. Bc2 Rfc8 24. Nc4 Bd8 25. Rcd1 Bc7 26. Qd2 Qd8 
27. Rb1 Nb4 28. Bd1 Nd7 29. Bxb4 Rxb4 30. Bc2 Nb6 31. Nxb6 Bxb6 32. Kh1 Bb5 
33. Red1 Ra8 34. Ra1 Ba5 35. Qe2 Bd7 36. Nd2 Bc7 37. Rxa8 Qxa8 38. Nc4 Rb7 
39. Re1 Ra7 40. Kh2 Ra2 41. Ne3 Be6 42. Rb1 Ba5 43. Qd1 Bc7 44. f3 Qa5 
45. Qe1 Qxe1 46. Rxe1 Ba5 47. Bb1 Rb2 48. Rg1 Rxb3 49. Bc2 Ra3 50. Rb1 Bb4 
51. Kg3 g6 52. f4 exf4+ 53. Kxf4 Bd2 54. Kf3 Rc3 55. Rb2 Bc1 56. Rb8+ Kg7 
57. Bb1 Bxe3 58. Kxe3 Rb3 59. Rxb3 Bxb3 60. h4 Kf6 61. Kf4 h6 62. g3 Ke6 
63. Ke3 Ke5 64. Kd2 Kd4 65. Ke2 Kc3 66. d4 cxd4 67. Bd3 Bd1+ 68. Kxd1 Kxd3 
69. g4 f6 70. g5 fxg5 71. hxg5 h5 72. Ke1 Kc2 
0-1

[Event "34th Chess Olympiad (men)"]
[Site "Istanbul"]
[Date "2000.11.05"]
[Round "8.63.1"]
[White "Krylov, Sergey"]
[Black "Samuel Sousa, Carlos"]
[WhiteElo "2344"]
[BlackElo "2000"]
[WhiteCountry "IBSA"]
[BlackCountry "ANG"]
[Result "1/2-1/2"]

1. e4 g6 2. d4 Bg7 3. Nc3 d6 4. Be3 Nf6 5. f3 O-O 6. Qd2 Nbd7 7. Nge2 e5 
8. O-O-O c6 9. dxe5 dxe5 10. h4 h5 11. Kb1 Qa5 12. Nc1 Re8 13. g4 Nc5 
14. Nd5 Qxd2 15. Nxf6+ Bxf6 16. Rxd2 Ne6 17. gxh5 gxh5 18. Ne2 Kh7 19. Bh3 Rg8 
20. a3 Kh8 21. Bf2 Rd8 22. Rxd8+ Bxd8 23. Ng3 Ng7 24. Bxc8 Rxc8 25. Bxa7 b6 
26. Rd1 Bxh4 27. Nxh5 Bd8 28. Nxg7 Kxg7 29. Rd7 Bc7 30. f4 exf4 31. e5 Kg6 
32. a4 f3 33. a5 bxa5 34. Rd3 Bxe5 35. Rxf3 Ra8 36. Bf2 Rb8 37. c3 f6 
38. Kc2 Kg5 39. Bc5 Rb5 40. Be7 Rb7 41. Bc5 Rh7 42. b3 Rh2+ 43. Kd3 Kg4 
44. Re3 Rb2 45. Kc4 Ra2 46. Re1 a4 47. bxa4 Rxa4+ 48. Bb4 Ra8 49. Kc5 Rc8 
50. c4 Bg3 51. Re6 Bf2+ 52. Kd6 c5 53. Kd7 Rf8 54. Ke7 Ra8 55. Bxc5 Bxc5+ 
56. Kxf6 Kf4 57. Rc6 Bd4+ 58. Ke6 Ke4 59. c5 Rh8 60. Kd6 Rh7 61. Ke6 Rh5 
62. Kd6 Rd5+ 63. Ke6 Bxc5 64. Kf6 Bd4+ 65. Ke6 Rh5 66. Kd6 Rh6+ 67. Kd7 Rh5 
68. Ke6 Bc5 69. Rc8 Rh6+ 70. Kf7 Bd4 71. Re8+ Kf5 72. Re7 Be5 73. Rd7 Bd6 
74. Kg7 Rg6+ 75. Kf7 Rf6+ 76. Kg7 Bf8+ 77. Kh7 Bd6 78. Kg7 Kg5 79. Kg8 Bf4 
80. Rg7+ Kh5 81. Rh7+ Bh6 82. Rf7 Rg6+ 83. Kh7 Rg5 84. Rb7 Rf5 
1/2-1/2

[Event "34th Chess Olympiad (men)"]
[Site "Istanbul"]
[Date "2000.11.05"]
[Round "8.63.2"]
[White "Domingos, Gomes"]
[Black "Berlinsky, Vladimir"]
[WhiteElo "2000"]
[BlackElo "2352"]
[WhiteCountry "ANG"]
[BlackCountry "IBSA"]
[Result "0-1"]

1. Nf3 Nf6 2. d4 c5 3. c3 e6 4. g3 b6 5. Bg2 Bb7 6. O-O Be7 7. Nbd2 O-O 
8. Re1 d5 9. Ne5 cxd4 10. cxd4 Nc6 11. Ndf3 Rc8 12. Nxc6 Bxc6 13. Ne5 Bb7 
14. Bf4 Ne8 15. Qa4 f6 16. Nf3 g5 17. Be3 Bc6 18. Qb3 Nd6 19. Rec1 Qd7 
20. Bh3 Nc4 21. Rab1 Kg7 22. Nd2 Ba4 23. Qd3 Nxb2 24. Rxb2 Rxc1+ 25. Nf1 Rd1 
26. Bd2 f5 27. f3 h5 28. Kf2 h4 29. Ne3 hxg3+ 30. hxg3 Ra1 31. Bc3 Rh8 
32. Bg2 f4 33. Ng4 Bd6 34. gxf4 gxf4 35. Rd2 Rc1 36. Rb2 Qe7 37. e3 Qh4+ 
38. Ke2 Qg3 39. exf4 Qxg2+ 
0-1

[Event "34th Chess Olympiad (men)"]
[Site "Istanbul"]
[Date "2000.11.05"]
[Round "8.63.3"]
[White "Dukaczewski, Piotr"]
[Black "Santos Simao, Amorim"]
[WhiteElo "2292"]
[BlackElo "2000"]
[WhiteCountry "IBSA"]
[BlackCountry "ANG"]
[Result "0-1"]

1. e4 c5 2. Nf3 e6 3. d4 cxd4 4. Nxd4 Nf6 5. Nc3 d6 6. Be2 Be7 7. O-O Nc6 
8. Be3 a6 9. Kh1 O-O 10. f4 Qc7 11. Qe1 Bd7 12. Qg3 b5 13. e5 Ne8 14. Nxc6 Bxc6 
15. Bd3 f5 16. exf6 Nxf6 17. Rae1 Rae8 18. Bd4 Bd8 19. a3 Qf7 20. Rf2 Bc7 
21. Rfe2 e5 22. Bg1 Nh5 23. Qh3 Bd7 24. Qh4 Bd8 25. Qf2 Nxf4 26. Rd2 d5 
27. Qa7 Nxd3 28. Rxd3 d4 29. Rf3 Bf6 30. Ne4 Bg4 31. Qxf7+ Rxf7 32. Nxf6+ Rxf6 
33. Rxf6 gxf6 34. Bxd4 Rd8 35. Be3 Bd1 36. c3 Kf7 37. h3 Ke6 38. Kh2 Rd3 
39. Bh6 Bb3 40. Kg1 Bd5 41. Kf2 a5 42. Be3 a4 43. Re2 Rd1 44. Rd2 Rb1 
45. g4 Rh1 46. Kg3 Rf1 47. Rf2 Rg1+ 48. Kh4 Rd1 49. Bh6 Rd3 50. Rd2 Rf3 
51. Rh2 Be4 52. Bd2 Kd5 53. Re2 Bd3 54. Re3 Rxe3 55. Bxe3 Ke4 56. Bh6 Kf3 
57. Bg7 e4 58. Bxf6 e3 59. Bg5 e2 60. Bd2 Kg2 61. Kg5 Kxh3 62. Kf4 Kg2 
63. Ke3 Bc4 64. Be1 Kf1 65. Kd2 h6 66. Bh4 Be6 67. g5 hxg5 68. Be1 g4 
69. Bh4 Bc4 70. Bg3 Kg2 71. Be5 g3 72. Ke1 Kh3 73. Bd4 Kg2 74. Be5 Kf3 
75. Bd4 Be6 76. Be5 Bg4 77. Bb8 Ke4 78. Kd2 Kd5 79. c4+ Kxc4 80. Bc7 g2 
81. Bb6 Kb3 82. Bd4 Bh5 83. Ke1 Kc2 84. Kf2 g1=Q+ 
0-1

[Event "34th Chess Olympiad (men)"]
[Site "Istanbul"]
[Date "2000.11.05"]
[Round "8.63.4"]
[White "Campos, Eugenio"]
[Black "Enjuto Velasco, Roberto"]
[WhiteElo "2238"]
[BlackElo "2172"]
[WhiteCountry "ANG"]
[BlackCountry "IBSA"]
[Result "1-0"]

1. d4 Nf6 2. c4 g6 3. Nc3 d5 4. Nf3 Bg7 5. cxd5 Nxd5 6. Qb3 Nb6 7. Bf4 O-O 
8. e3 Be6 9. Qc2 Nc6 10. Be2 Nb4 11. Qd2 c5 12. O-O cxd4 13. exd4 Bc4 
14. Bh6 Bxe2 15. Nxe2 N4d5 16. Rac1 Qd6 17. Bxg7 Kxg7 18. Rc5 Nf6 19. Nc3 Rfd8 
20. Re1 e6 21. Ne4 Nxe4 22. Rxe4 Qxc5 23. dxc5 Rxd2 24. Nxd2 Rd8 25. Nf1 Nc8 
26. g3 Ne7 27. Rb4 Rd7 28. Ne3 Nd5 29. Nxd5 exd5 30. Kf1 Kf6 31. Ra4 a6 
32. Rb4 Ke6 33. Ke2 Rc7 34. Kd3 Rxc5 35. Rxb7 Ke5 36. b3 h5 37. h4 f6 
38. a4 Kf5 39. a5 Ke5 40. f4+ Kf5 41. Kd4 Rc1 42. Kxd5 Rc3 43. Rb6 Rxg3 
44. b4 Rd3+ 45. Kc5 Rc3+ 46. Kd5 Rd3+ 47. Kc4 Rh3 48. Rxa6 Rxh4 49. Rd6 Rxf4+ 
50. Rd4 Rf1 51. a6 Ra1 52. Rd5+ Kf4 53. Ra5 Rc1+ 54. Kd3 
1-0